| 000 | 00473nam a2200169Ia 4500 | ||
|---|---|---|---|
| 999 |
_c35132 _d35132 |
||
| 003 | OSt | ||
| 005 | 20201216132701.0 | ||
| 008 | 190216s9999||||xx |||||||||||||| ||und|| | ||
| 040 | _coclc | ||
| 082 |
_a301 _bNES/T |
||
| 100 |
_aNesturkh, M _97599 |
||
| 245 | 4 |
_aThe Races Of Mankind / _cM Nesturkh |
|
| 260 |
_bProgress Publishers, _c1966. _aMoscow: |
||
| 300 | _a105p | ||
| 650 | _aGeneral Collections | ||
| 942 |
_cREF _2ddc _h301 _iNES/T _k301 _mNES/T |
||